| 000 | 01036aam a2200373 4500 | ||
|---|---|---|---|
| 005 | 20231113160239.0 | ||
| 008 | 150624b xxu||||| |||| 00| 0 spa d | ||
| 041 | _aEspañol | ||
| 082 | _a657.45 W571p | ||
| 100 |
_aWhittington, Ray _926503 |
||
| 245 | _aPrincipios de auditoría | ||
| 250 | _a14 edición. | ||
| 260 | _aMéxico | ||
| 260 | _bMcGraw-Hill | ||
| 260 | _c2005 | ||
| 300 | _a736 páginas | ||
| 650 |
_aAUDITORÍA _92653 |
||
| 650 |
_aCONTADOR PÚBLICO _96149 |
||
| 650 |
_aCONTADURÍA PÚBLICA _95560 |
||
| 650 |
_aNORMAS DE AUDITORÍA _96146 |
||
| 650 |
_aPROCEDIMIENTOS _96998 |
||
| 650 |
_aCONTROL INTERNO _9762 |
||
| 650 |
_aTECNOLOGÍA DE LA INFORMACIÓN _9544 |
||
| 650 |
_aCOMPUTADORAS _913639 |
||
| 650 |
_aMUESTREO _9771 |
||
| 650 |
_aINVERSIONES FINANCIERAS _926504 |
||
| 650 |
_aINVENTARIOS _91923 |
||
| 650 |
_aPLANTA Y EQUIPO _96020 |
||
| 650 | 0 |
_aDEPRECIACIÓN _92046 |
|
| 650 |
_aPASIVOS _92668 |
||
| 650 |
_aAUDITORES _926505 |
||
| 650 |
_aAUDITORIA INTERNA _9508 |
||
| 942 | _cBK | ||
| 999 |
_c1465 _d1465 |
||